[Event "FRA-ch du Nord"]
[Site "France"]
[Date "2003.04.15"]
[Round "7"]
[White "Foutrein, Vincent"]
[Black "Malsagne, Gerard"]
[Result "1-0"]
[WhiteElo "1800"]
[BlackElo "1470"]
[PlyCount "69"]
[EventDate "2003.04.12"]
[EventType "swiss"]
[EventRounds "7"]
[EventCountry "FRA"]
[SourceTitle "EXT 2008"]
[Source "ChessBase"]
[SourceDate "2007.11.25"]
[SourceVersion "1"]
[SourceVersionDate "2007.11.25"]
[SourceQuality "1"]

1. h3 b6 2. g4 Bb7 3. Nf3 h6 4. Bg2 d6 5. d4 Nd7 6. 0-0 f6 7. Qd3 Bd5 8. Nc3 Bf7 9. Nh4 g6 10. Nxg6 Rh7 11. Nxf8 Nxf8 12. Bc6+ Nd7 13. Qxh7 e6 14. Bxh6 Nxh6 15. Qxh6 Rb8 16. Ne4 Ke7 17. Bxd7 Kxd7 18. Qg7 Qf8 19. Qxf8 Rxf8 20. Nxf6+ Ke7 21. g5 Rh8 22. Kg2 e5 23. dxe5 Be6 24. exd6+ cxd6 25. Ng4 Bd5+ 26. Kg3 Bc4 27. b3 Ba6 28. c4 Bc8 29. f4 Bf5 30. e4 Bd7 31. e5 dxe5 32. Rfe1 Kf8 33. Rxe5 Kf7 34. Rd1 Bc8 35. Nh6+ 1-0

[Event "FRA-ch du Nord"]
[Site "France"]
[Date "2003.04.13"]
[Round "3"]
[White "Malsagne, Gerard"]
[Black "Delannoy, Frederic"]
[Result "0-1"]
[WhiteElo "1470"]
[BlackElo "1580"]
[PlyCount "84"]
[EventDate "2003.04.12"]
[EventType "swiss"]
[EventRounds "7"]
[EventCountry "FRA"]
[SourceTitle "EXT 2008"]
[Source "ChessBase"]
[SourceDate "2007.11.25"]
[SourceVersion "1"]
[SourceVersionDate "2007.11.25"]
[SourceQuality "1"]

1. e4 d5 2. exd5 Nf6 3. Nc3 Bg4 4. Be2 Bxe2 5. Qxe2 Nbd7 6. d3 Nb6 7. Bd2 Nbxd5 8. Nxd5 Qxd5 9. Qf3 0-0-0 10. Qxd5 Rxd5 11. 0-0-0 h5 12. h3 e5 13. Ne2 Bc5 14. Nc3 Rd7 15. Be3 Bd4 16. Bxd4 exd4 17. Ne4 Nxe4 18. dxe4 c5 19. f3 Rhd8 20. Rhe1 c4 21. e5 d3 22. cxd3 cxd3 23. Rd2 Rd5 24. f4 Kd7 25. Kb1 Ke6 26. Re4 Rd4 27. Rxd4 Rxd4 28. g3 Kf5 29. b3 Ke4 30. Kb2 Ke3 31. Kc3 Rd8 32. Rh2 d2 33. Rxd2 Rxd2 34. f5 Rd5 35. e6 fxe6 36. fxe6 Re5 37. b4 Rxe6 38. a4 Kf3 39. g4 Kg3 40. Kd4 Kxh3 41. Kd5 Re1 42. b5 Ra1 0-1

[Event "FRA-ch du Nord"]
[Site "France"]
[Date "2003.04.13"]
[Round "2"]
[White "Poslednik, Patrick"]
[Black "Malsagne, Gerard"]
[Result "1-0"]
[WhiteElo "1600"]
[BlackElo "1470"]
[PlyCount "75"]
[EventDate "2003.04.12"]
[EventType "swiss"]
[EventRounds "7"]
[EventCountry "FRA"]
[SourceTitle "EXT 2008"]
[Source "ChessBase"]
[SourceDate "2007.11.25"]
[SourceVersion "1"]
[SourceVersionDate "2007.11.25"]
[SourceQuality "1"]

1. e4 g6 2. d4 Bg7 3. Be3 d6 4. Be2 e5 5. d5 c5 6. Nc3 Nf6 7. Qd2 h6 8. h3 a6 9. Nf3 b5 10. a3 Nbd7 11. 0-0 b4 12. axb4 cxb4 13. Na2 Nxe4 14. Qxb4 Nec5 15. Nc3 Rb8 16. Qa3 0-0 17. b4 e4 18. Nd4 Bxd4 19. Bxd4 Nb7 20. Nxe4 Qe7 21. Bd3 f5 22. Ng3 Nf6 23. Rfe1 Qf7 24. c4 f4 25. Ne4 Nxe4 26. Bxe4 Ra8 27. Qd3 Bf5 28. Bxf5 Qxf5 29. Qxf5 Rxf5 30. Re6 Kf7 31. Rae1 Rb8 32. Re7+ Kg8 33. Rg7+ Kf8 34. Rh7 Nd8 35. Rh8+ Kf7 36. Bc3 h5 37. Ree8 a5 38. Rhf8# 1-0

[Event "FRA-ch du Nord"]
[Site "France"]
[Date "2003.04.12"]
[Round "1"]
[White "Malsagne, Gerard"]
[Black "Mestdagh, Franck"]
[Result "0-1"]
[WhiteElo "1470"]
[BlackElo "1870"]
[PlyCount "124"]
[EventDate "2003.04.12"]
[EventType "swiss"]
[EventRounds "7"]
[EventCountry "FRA"]
[SourceTitle "EXT 2008"]
[Source "ChessBase"]
[SourceDate "2007.11.25"]
[SourceVersion "1"]
[SourceVersionDate "2007.11.25"]
[SourceQuality "1"]

1. e4 c5 2. Nf3 d6 3. g3 Nf6 4. d3 b5 5. Bg2 Bb7 6. 0-0 e6 7. b3 Be7 8. Bb2 Nc6 9. Nbd2 0-0 10. Re1 Qb6 11. Rf1 Rac8 12. h3 Na5 13. Rc1 c4 14. Bd4 Qa6 15. Qe2 d5 16. e5 Nd7 17. dxc4 bxc4 18. Rfe1 Nb6 19. Nb1 Nc6 20. c3 Nxd4 21. cxd4 Bb4 22. Red1 c3 23. Qxa6 Bxa6 24. Bf1 c2 25. Bxa6 cxd1Q+ 26. Rxd1 Rc2 27. a3 Bxa3 28. Bd3 Rc1 29. Rxc1 Bxc1 30. Kf1 Rc8 31. Ke2 f6 32. g4 Kf7 33. h4 h6 34. h5 Nd7 35. b4 fxe5 36. dxe5 Bb2 37. Nbd2 Nxe5 38. Nxe5+ Bxe5 39. b5 Rc1 40. Nb3 Rc3 41. Na5 Ra3 42. Nc6 Bc7 43. f3 Ra2+ 44. Kf1 Bb6 45. Be2 Ra1+ 46. Kg2 Rg1+ 47. Kh3 Bc7 48. Nxa7 Rg3+ 49. Kh4 Rg2 50. Bf1 Rf2 51. Bh3 Rxf3 52. g5 Rf4+ 53. Bg4 Rb4 54. gxh6 gxh6 55. Kh3 Rb2 56. Bd1 Kf6 57. Kg4 Rd2 58. Bf3 Rd4+ 59. Kh3 Kg5 60. Kg2 Rd2+ 61. Kf1 Bb6 62. Be2 Bxa7 0-1